000 00493nam a2200217Ia 4500
005 20250425162426.0
008 250425s9999 xx 000 0 und d
020 _a8434434628
041 _aspa
082 _a551.6
100 _aGIL OLCINA, ANTONIO
245 0 _aCLIMATOLOGIA BASICA
250 _a1A ED.
260 _aBARCELONA
260 _aEspaƱa
_bARIEL
_c1999
300 _a381
650 _aCLIMATOLOGIA
700 _aOLCINA CANTOS, JORGE
942 _c01
010 _a72765
999 _c228976
_d228976